Statistics for FIFA 23 RANDOM PLAYERS COUNTRY QUIZ #17

Click here to take the quiz!

General Stats

  • This quiz has been taken 19 times
  • The average score is 16 of 20

Answer Stats

HintAnswer% Correct
RonaldinhoBrazil
94%
Fabio CannavaroItaly
94%
João FélixPortugal
94%
Moussa DiabyFrance
89%
Jamal MusialaGermany
89%
Franco BaresiItaly
89%
Denzel DumfriesNetherlands
89%
Rafał GikiewiczPoland
89%
Raphaël GuerreiroPortugal
89%
Fran GarcíaSpain
89%
Sol CampbellEngland
83%
Yassine BounouMorocco
83%
Gonçalo GuedesPortugal
78%
Freddie LjungbergSweden
78%
Youcef AtalAlgeria
67%
Jonas HectorGermany
67%
Anthony LopesPortugal
67%
Ramy BensebainiAlgeria
61%
Gonzalo PlataEcuador
61%
Harold MoukoudiCameroon
33%

Score Distribution

Percentile by Number Answered

Percent of People with Each Score

Your Score History

You have not taken this quiz